000 nam a22 a 4500
999 _c390764
_d390764
003 BLK
005 20201028100710.0
008 180409b bul|||||r ||||||| ||bul||
010 _aKNG00105093000
040 _aBLK
041 _aFRE
_cFRE
080 _aИзпълнителна държавна власт. Централни органи на държавното управление
_b342.6
_z342.6
100 _aDe Laveleye, Emile
_eпърви автор
_9435695
139 _aDe Laveleye, Emile
245 1 0 _aEssai sur les formes du gouvernement dans les societes modernes
_cEmile De Laveleye.
257 _aFRA
260 _aParis
_c1872
_9213436
_bLibr. Germer Bailliere
300 _a195, 32 с.
_c18 см
380 _a3
490 _9435080
_aКолекция Редки и ценни издания
500 _aДатирана: Ph. Fillchoff, Paris, 1884 fevrier. Подарява на русенската градска библиотека Ф. Филчев, Януарий 95.
650 0 _aДържавно управление
_9250138
653 7 _aдържавно управление
_9185695
852 _aРф 872
_bРц
856 4 _qpdf
856 4 _qpdf
942 _cKNG
_n0
_s1
944 _aCR
_c2020-10-28
_kТД
944 _aED
_c03.05.2012
999 _d390764
999 _d390764
999 _d100075